Responses for Show #5083 - Wednesday, October 18, 2006

Contestants

[<< previous game]

Brooke Wilberg, a receptionist originally from Morehead, Kentucky

Larry Clow, a high school teacher from Vancouver, Washington

Joe Leibrandt, a marketing director from Costa Mesa, California (whose 1-day cash winnings total $22,601)

[next game >>]

Jeopardy! Round responses

OCTOBERFEST
SIX EDUCATION
WEBSITES
2 WORDS IN ONE
I LOVE NY
THEY HATE L.A.
    $200 1
Snoopy

Joe
    $200 5
(Alex: Everyone's working on this, and let me give it to you--it's an [*]. [*].)

H

Triple Stumper
    $200 11
Netflix

Joe
    $200 26
smoke & fog

Joe
    $200 21
a frog

Brooke
    $200 16
(Larry: What is Sunset Boulevard?)

Hollywood Boulevard

JoeLarry
    $400 2
Truman

Joe
    $400 6
The Six Million Dollar Man

Joe
    $400 12
(Larry: What's the Smithsonian Institution?)
...
(Alex: The National Museum of [*]. It's all part of the Smithsonian.)

American History

Larry
Triple Stumper
    $400 27
channel & tunnel

Brooke
    $400 22
the World's Fair

Larry
    $400 17
Charlie Chaplin

Joe
    $600 3
(Larry: What's 1963?)

1962

JoeLarry
    $600 8
(Larry: What's a slant six?)

a straight six (or an in-line six)

Larry
Triple Stumper
    $1,000 13
eHarmony (or eharmony.com)

Joe
    $600 28
camera & recorder

Brooke
    $600 23
Nathan's

Brooke
    $600 18
Liam Neeson

Joe
    $800 4
John Brown

Larry
    $800 9
six characters

Brooke
    $800 14
Monster (or monster.com)

Brooke
    $800 29
aviation & electronics

Triple Stumper
    $800 24
the Meatpacking District

Joe
    $800 19
Annie Hall

Brooke
    $1000 7
(Joe: What is Día de Muerte?)

la Raza

Joe
Triple Stumper
    $1000 10
musicians

Triple Stumper
    $1000 15
Hellmann's

Brooke
    $1000 30
(Alex: It's called [*], and isn't he cute?)

a Labradoodle

Triple Stumper
    $1000 25
(Alex: Yes, Giovanni da [*].)

the Verrazano (Bridge)

Larry
    $1000 20
Dorothy Parker

Brooke

Scores at the first commercial break (after clue 13):

Joe Larry Brooke
$1,800 -$800 $800

Scores at the end of the Jeopardy! Round:

Joe Larry Brooke
$4,000 $400 $6,200

Double Jeopardy! Round responses

20th CENTURY AUTHORS
MUSICAL THEATRE
OH "MY"
ELEMENTAL ETYMOLOGIES
NEWSPAPERS
IN THE HEADLINES
    $400 6
Mickey Spillane

Brooke
    $400 11
Cabaret

Larry
    $400 26
Myanmar

Larry
    $400 1
helium

Brooke
    $400 16
the London Times

Joe
    $400 21
Katie Couric

Joe
    $800 7
(Harper) Lee

Joe
    $800 12
A Raisin in the Sun

Joe
    $800 27
a myocardial infarction

Larry
    $800 2
hydrogen

Larry
    $800 17
(William Randolph) Hearst

Joe
    $800 22
(Jeffrey) Skilling

Brooke
    $1200 8
Agatha Christie

Joe
    $1200 13
Tarzan

Brooke
    $1200 28
a mynah bird

Larry
    $2,000 3
copper

Larry
    $1200 18
Manchester

Joe
    $1200 23
South Korea

Brooke
    $1600 9
D.H. Lawrence

Brooke
    $1600 14
The Pajama Game

Joe
    $1600 29
a myriad

Joe
    $1600 4
berkelium

Larry
    $1600 19
the free man

Brooke
    $1600 24
Michael Chertoff

Triple Stumper
    $1,000 10
(Brooke: Mmm... No.)
...
(Alex: Hawthorne spelled it "-eon" in his book.)

Thomas Pynchon

Brooke
    $2000 15
(Alex: Frank Sinatra in the movie.)

Pal Joey

Triple Stumper
    $2000 30
mycology

Larry
    $2000 5
chromium

Brooke
    $2000 20
the Star

Joe
    $2000 25
Grand Ayatollah Sistani

Triple Stumper

Scores at the end of the Double Jeopardy! Round:

Joe Larry Brooke
$14,800 $9,600 $14,400

[wagering suggestions for these scores]

Final Jeopardy! Round responses

THE 50 STATES
(Alex: Native Americans trying to establish their own state--it did not work out. What state do we think of today?)
LarryWhat is California?
$600
BrookeWhat is Florida?
$1,500
JoeWhat is Oklahoma?
$14,001
Oklahoma

Final scores:

Joe Larry Brooke
$28,801 $9,000 $12,900
2-day champion: $51,402 3rd place: $1,000 2nd place: $2,000

Game dynamics:

Coryat scores:

Joe Larry Brooke
$14,400 $8,800 $15,400
21 R
(including 1 DD),
1 W
11 R
(including 1 DD),
4 W
17 R,
1 W
(including 1 DD)

Combined Coryat: $38,600

[game clues] [game scores] [suggest correction]

Game tape date: 2006-08-31
The J! Archive is created by fans, for fans. Scraping, republication, monetization, and malicious use prohibited; this site may use cookies and collect identifying information. See terms. The Jeopardy! game show and all elements thereof, including but not limited to copyright and trademark thereto, are the property of Jeopardy Productions, Inc. and are protected under law. This website is not affiliated with, sponsored by, or operated by Jeopardy Productions, Inc. Join the discussion at JBoard.tv.